Into extra time and out of pocket (Record no. 77858)
[ view plain ]
| 000 -LEADER | |
|---|---|
| fixed length control field | 01005cab a2200241 4500 |
| 001 - CONTROL NUMBER | |
| control field | ##L135288 |
| 008 - FIXED-LENGTH DATA ELEMENTS--GENERAL INFORMATION | |
| fixed length control field | 061010n2006 000 0 eng u |
| 035 ## - SYSTEM CONTROL NUMBER | |
| System control number | (Sirsi) u135288 |
| 041 0# - LANGUAGE CODE | |
| Language code of text/sound track or separate title | eng |
| 100 ## - MAIN ENTRY--PERSONAL NAME | |
| Personal name | Ryland, Jane |
| 245 00 - TITLE STATEMENT | |
| Title | Into extra time and out of pocket |
| 260 ## - PUBLICATION, DISTRIBUTION, ETC. | |
| Date of publication, distribution, etc. | 2006 |
| 490 #0 - SERIES STATEMENT | |
| Series statement | New Law Journal |
| Volume/sequential designation | 156(7243) 6 October 2006, 1494-1495(2) |
| 520 ## - SUMMARY, ETC. | |
| Summary, etc. | In light of the problematic Wembley Stadium project, article examines the challenges faced by the Olympic Delivery Authority (ODA) in delivering the 2012 Olympic Games on time and to budget. Looks at EU procurement rules; the ODA's delivery partner, the CLM consortium; the use of NEC3 and dispute resolution; risk management; communication; insolvency; and health and safety. |
| 590 ## - LOCAL NOTE (RLIN) | |
| Local note | IKA171006 |
| 650 24 - SUBJECT ADDED ENTRY--TOPICAL TERM | |
| Topical term or geographic name entry element | OLYMPIC GAMES 2012 |
| 650 24 - SUBJECT ADDED ENTRY--TOPICAL TERM | |
| Topical term or geographic name entry element | WEMBLEY STADIUM |
| 650 24 - SUBJECT ADDED ENTRY--TOPICAL TERM | |
| Topical term or geographic name entry element | NEW ENGINEERING CONTRACT (THIRD EDITION) |
| 651 #4 - SUBJECT ADDED ENTRY--GEOGRAPHIC NAME | |
| Geographic name | LONDON |
| 651 #4 - SUBJECT ADDED ENTRY--GEOGRAPHIC NAME | |
| Geographic name | United Kingdom |
| Chronological subdivision | |
| 690 ## - LOCAL SUBJECT ADDED ENTRY--TOPICAL TERM (OCLC, RLIN) | |
| Topical term or geographic name as entry element | Procurement |
| 9 (RLIN) | 6260 |
| 942 ## - ADDED ENTRY ELEMENTS (KOHA) | |
| Suppress in OPAC | 0 |
| Withdrawn status | Lost status | Source of classification or shelving scheme | Damaged status | Not for loan | Home library | Current library | Shelving location | Date acquired | Total Checkouts | Full call number | Barcode | Date last seen | Copy number | Price effective from | Koha item type |
|---|---|---|---|---|---|---|---|---|---|---|---|---|---|---|---|
| Dewey Decimal Classification | London | London | Journal article | 10/10/2006 | L135288 | 135288-1001 | 06/08/2019 | 1 | 06/08/2019 | Journal article |